00860nam a2200241 i 4500001000400000245010900004250001000113260006200123300003800185501004500223505002000268650002600288650002800314650003600342700002300378700002700401710002000428020001500448040000800463041000800471008004100479856009800520bgj00aGender and ethnicity in schools :bethnographic accounts /cedited by Peter Woods and Martyn Hammersley. arepr. aLondon ;aNew York :bRoutledge,c1993=bOpen University. aVI, 228, [2] pp :bill. ;c24 cm. aIn association with the Open University. aIncludes index. 9aEducational sociology 9aMulticultural education 9aSex discrimination in education1 aHammersley, Martyn1 aWoods, Peterd(1934- ) aOpen University a0415089689 cBPK0 aeng s uk f |000 0 eng  uhttp://koha.tu.koszalin.pl/cgi-bin/koha/opac-detail.pl?biblionumber=49260yKatalog online BPK